[Event "Weekend A Epifania"]
[Site "Torino ITA"]
[Date "2007.01.??"]
[Round "6"]
[White "De Barberis, Massimo"]
[Black "Matta, Francesca"]
[Result "1/2-1/2"]
[WhiteElo "2104"]
[BlackElo "1877"]
[PlyCount "116"]
[EventDate "2007.01.03"]

1. e4 e5 2. Bc4 Nf6 3. Nc3 Nc6 4. d3 d6 5. Nge2 Be7 6. O-O O-O 7. f4 Na5 8. Bb3
Nxb3 9. axb3 c6 10. h3 Nd7 11. fxe5 dxe5 12. Ng3 Nc5 13. Nf5 Kh8 14. Nxe7 Qxe7
15. Be3 b6 16. Qf3 Be6 17. Ne2 Nb7 18. d4 exd4 19. Nxd4 Bd7 20. Rae1 Nd6 21.
Bf4 Rae8 22. e5 Nf5 23. Nxf5 Bxf5 24. Qxc6 Rc8 25. Qd6 Qb7 26. c3 Be6 27. Bg5
Rfe8 28. Qd1 Qd5 29. c4 Qxd1 30. Rxd1 h6 31. Bh4 b5 32. cxb5 Rc5 33. Ra1 Rxe5
34. Rxa7 Rxb5 35. Be1 Bxb3 36. Bc3 Kg8 37. Rf3 Rb6 38. Rg3 g6 39. Rf3 h5 40.
Rf2 Rd8 41. Kh2 Rbb8 42. Rf6 Ra8 43. Rxa8 Rxa8 44. Kg3 Kf8 45. Kf4 Ke7 46. Rb6
Be6 47. g4 hxg4 48. hxg4 Kd7 49. g5 Rc8 50. Bf6 Rc6 51. Rb7+ Rc7 52. Rb5 Rc4+
53. Ke5 Kc6 54. Rb8 Rc5+ 55. Ke4 Rb5 56. Rd8 Rb4+ 57. Kd3 Rb3+ 58. Kc2 Rb5
1/2-1/2

[Event "Weekend A Epifania"]
[Site "Torino ITA"]
[Date "2007.01.??"]
[Round "6"]
[White "Favoni, Matteo"]
[Black "Martin, Tiziano"]
[Result "1-0"]
[WhiteElo "1672"]
[BlackElo "2014"]
[PlyCount "53"]
[EventDate "2007.01.03"]

1. d4 d6 2. c4 e5 3. d5 Be7 4. Nc3 Nf6 5. e4 O-O 6. f3 Ne8 7. Be3 Bg5 8. Bf2 c5
9. h4 Be7 10. Qd2 Na6 11. g4 Bd7 12. O-O-O Nac7 13. Be3 a6 14. Nge2 b5 15. Ng3
bxc4 16. Bxc4 Nb5 17. Nf5 Nd4 18. Qg2 Nc7 19. Rdg1 Re8 20. Nxe7+ Rxe7 21. g5
Qb8 22. h5 Qb4 23. g6 fxg6 24. hxg6 h6 25. Bxh6 gxh6 26. Qh2 Rb8 27. Rg2 1-0

[Event "Weekend A Epifania"]
[Site "Torino ITA"]
[Date "2007.01.??"]
[Round "7"]
[White "Mennuti, Alberto"]
[Black "Bussa, Paolo"]
[Result "1-0"]
[WhiteElo "1614"]
[BlackElo "1909"]
[PlyCount "41"]
[EventDate "2007.01.03"]

1. d4 d5 2. c4 c6 3. Nc3 Nf6 4. Nf3 dxc4 5. a4 Bf5 6. e3 e6 7. Bxc4 Bb4 8. O-O
O-O 9. h3 Nbd7 10. Nh4 Bg6 11. Nxg6 hxg6 12. Qd3 e5 13. Rd1 Qc7 14. Qxg6 b5 15.
Bb3 exd4 16. exd4 a6 17. Bh6 Ne8 18. Re1 Ndf6 19. Rxe8 Nxe8 20. Ne4 Kh8 21.
Bxg7+ 1-0

[Event "Weekend A Epifania"]
[Site "Torino ITA"]
[Date "2007.01.??"]
[Round "7"]
[White "Nardelli, Marco"]
[Black "Venturino, Marco"]
[Result "1-0"]
[WhiteElo "2139"]
[BlackElo "2167"]
[PlyCount "73"]
[EventDate "2007.01.03"]

1. e4 c5 2. Nf3 Nc6 3. d4 cxd4 4. Nxd4 Nf6 5. Nc3 e5 6. Ndb5 d6 7. Bg5 a6 8.
Na3 b5 9. Nd5 Be7 10. Bxf6 Bxf6 11. c3 Bg5 12. Nc2 Ne7 13. a4 bxa4 14. Ncb4 O-O
15. h4 Bh6 16. Rxa4 a5 17. Nxe7+ Qxe7 18. Nd5 Qb7 19. b4 axb4 20. Rxb4 Qa7 21.
Bc4 Be6 22. O-O Kh8 23. Qb3 Rac8 24. Qb2 f5 25. Ra1 Qc5 26. Nb6 fxe4 27. Rb5
Rxf2 28. Rxc5 Rxb2 29. Rxc8+ Bxc8 30. Nxc8 Be3+ 31. Kh2 Bf4+ 32. Kh3 Rc2 33.
Nxd6 Rxc3+ 34. Kg4 h5+ 35. Kf5 Kh7 36. Ra8 g5 37. Kf6 1-0

[Event "Open Inverno"]
[Site "Ceriano Laghetto ITA"]
[Date "2007.01.09"]
[Round "1"]
[White "Carugati, Virginio"]
[Black "Dei Giudici, Paolo"]
[Result "0-1"]
[WhiteElo "1438"]
[BlackElo "1685"]
[PlyCount "32"]
[EventDate "2007.01.09"]

1. Nf3 Nf6 2. d3 d5 3. Bg5 h6 4. Bf4 Bf5 5. Nbd2 Nc6 6. a3 e6 7. h3 Bc5 8. Nb3
Bb6 9. d4 Qe7 10. Ne5 O-O 11. e3 Ne4 12. h4 Nxe5 13. dxe5 f6 14. g4 fxe5 15.
gxf5 exf4 16. Qg4 fxe3 0-1

[Event "Open Inverno"]
[Site "Ceriano Laghetto ITA"]
[Date "2007.01.09"]
[Round "1"]
[White "Dimo, Maurizio"]
[Black "Lapiccirella, Mattia"]
[Result "0-1"]
[WhiteElo "1580"]
[BlackElo "2237"]
[PlyCount "74"]
[EventDate "2007.01.09"]

1. e4 c5 2. Bc4 e6 3. Nc3 a6 4. a3 Nc6 5. d3 Nf6 6. Nf3 d6 7. O-O Be7 8. Bg5 h6
9. Bh4 O-O 10. Re1 Qc7 11. h3 b5 12. Ba2 Bb7 13. a4 bxa4 14. Nxa4 Nd4 15. Nxd4
cxd4 16. e5 dxe5 17. Bg3 Qc6 18. f3 Qxa4 19. Bd5 Qd7 20. Bxb7 Qxb7 21. Bxe5 Qd5
22. Qd2 Nd7 23. c4 dxc3 24. Bxc3 Nc5 25. Ra5 Qxd3 26. Qxd3 Nxd3 27. Rd1 Rfd8
28. Kf1 Bf6 29. Bxf6 gxf6 30. Ke2 Nf4+ 31. Ke1 Nxg2+ 32. Kf2 Rxd1 33. Kxg2 Rd2+
34. Kg3 Rxb2 35. Kg4 Rb5 36. Ra1 a5 37. Rg1 Rg5+ 0-1

[Event "Open Inverno"]
[Site "Ceriano Laghetto ITA"]
[Date "2007.01.09"]
[Round "1"]
[White "Lapiccirella, Daniele"]
[Black "Jiang, Yongwei"]
[Result "1-0"]
[WhiteElo "2153"]
[BlackElo "1575"]
[PlyCount "87"]
[EventDate "2007.01.09"]

1. d4 d5 2. c4 e6 3. Nc3 Nf6 4. cxd5 exd5 5. Bg5 Be7 6. e3 c6 7. Bd3 Nbd7 8.
Nf3 h6 9. Bf4 Nb6 10. Qc2 Bd6 11. Ne5 Qe7 12. O-O Nbd7 13. Nf3 O-O 14. Rab1
Bxf4 15. exf4 Qd6 16. g3 Nb6 17. Ne5 Bh3 18. Rfe1 Rfe8 19. b4 Re7 20. b5 c5 21.
dxc5 Qxc5 22. Ne2 Qxc2 23. Bxc2 Rc7 24. Nd4 Rac8 25. Bb3 Nfd7 26. f3 Nxe5 27.
fxe5 Be6 28. f4 g6 29. Kf2 h5 30. Rb2 Kf8 31. Ree2 Ke7 32. Rbc2 Rxc2 33. Rxc2
Rxc2+ 34. Bxc2 Nd7 35. Nxe6 Kxe6 36. Ke3 b6 37. Kd4 Nc5 38. Bb3 Kd7 39. Bxd5
Ne6+ 40. Bxe6+ fxe6 41. h3 Ke7 42. Ke4 Kf7 43. g4 hxg4 44. hxg4 1-0

[Event "Open Inverno"]
[Site "Ceriano Laghetto ITA"]
[Date "2007.01.09"]
[Round "1"]
[White "Megassini, Stefano"]
[Black "Salmoiraghi, Angelo"]
[Result "0-1"]
[WhiteElo "1554"]
[BlackElo "2047"]
[PlyCount "56"]
[EventDate "2007.01.09"]

1. e4 g6 2. Bc4 Bg7 3. d4 d6 4. Be3 c5 5. c3 cxd4 6. Bxd4 Nf6 7. Nf3 Nc6 8. e5
dxe5 9. Bxe5 Qxd1+ 10. Kxd1 Nxe5 11. Nxe5 O-O 12. Kc2 Ne4 13. Nd3 Bf5 14. Rf1
Rac8 15. Bd5 Rfd8 16. Bxb7 Rc7 17. g4 Nxf2 18. gxf5 Nxd3 19. Be4 Nc5 20. Bg2
gxf5 21. Rxf5 Ne6 22. Rd5 Nd4+ 23. Kd3 Rxd5 24. Bxd5 Rd7 25. Bxf7+ Kxf7 26.
cxd4 Rxd4+ 27. Ke3 Rd1 28. Ke2 Rh1 0-1

[Event "Open Inverno"]
[Site "Ceriano Laghetto ITA"]
[Date "2007.01.09"]
[Round "1"]
[White "Milan, Raffaele"]
[Black "Iula, Massimo"]
[Result "1-0"]
[WhiteElo "1592"]
[BlackElo "1410"]
[PlyCount "65"]
[EventDate "2007.01.09"]

1. e4 c6 2. d4 d5 3. exd5 cxd5 4. c4 Nf6 5. Nc3 e6 6. Nf3 Bd6 7. c5 Be7 8. Bf4
O-O 9. Bd3 b6 10. b4 Ba6 11. b5 Bc8 12. c6 a6 13. c7 Bb4 14. cxd8=Q Bxc3+ 15.
Bd2 Rxd8 16. Bxc3 Bd7 17. bxa6 Nxa6 18. Ne5 Be8 19. O-O b5 20. Rb1 Nc7 21. Rb2
Rdb8 22. Qe2 Kf8 23. Rfb1 Kg8 24. Bb4 Kh8 25. Bd6 Rb7 26. Bxc7 Rxc7 27. Bxb5
Rb7 28. Bc6 Rxb2 29. Qxb2 Bxc6 30. Nxc6 g6 31. Qb7 Rxa2 32. Qxf7 Ng8 33. Ne7
1-0

[Event "Open Inverno"]
[Site "Ceriano Laghetto ITA"]
[Date "2007.01.09"]
[Round "1"]
[White "Mingolla, Patrizio"]
[Black "Nepi, Ezio"]
[Result "0-1"]
[WhiteElo "1461"]
[BlackElo "1850"]
[PlyCount "56"]
[EventDate "2007.01.09"]

1. e4 e6 2. d4 d5 3. Nd2 Be7 4. Bd3 c5 5. c3 cxd4 6. cxd4 Nc6 7. Ne2 dxe4 8.
Nxe4 Nf6 9. O-O O-O 10. a3 Qb6 11. Ng5 Rd8 12. Nf3 Bd7 13. Nc3 Rac8 14. Be3 Na5
15. Rb1 Qc7 16. Qe2 Nb3 17. Qc2 Ba4 18. Ne1 Qd7 19. Qe2 Nxd4 20. Bxd4 Qxd4 21.
Nf3 Qxd3 22. Qe1 Bb5 23. Qe5 Bc6 24. Rbd1 Qg6 25. Nh4 Rxd1 26. Rxd1 Qh5 27. Qg3
Ne4 28. Nxe4 Qxd1# 0-1

[Event "Open Inverno"]
[Site "Ceriano Laghetto ITA"]
[Date "2007.01.09"]
[Round "1"]
[White "Nastasi, Ivano"]
[Black "Regorda, Vittorio"]
[Result "0-1"]
[WhiteElo "1518"]
[BlackElo "1891"]
[PlyCount "89"]
[EventDate "2007.01.09"]

1. d4 Nf6 2. c4 g6 3. Nc3 d6 4. e4 Bg7 5. Be2 O-O 6. Nf3 e5 7. d5 a5 8. O-O Na6
9. h3 Bd7 10. Be3 h6 11. Qd2 Kh7 12. Nh2 Ng8 13. Nb5 a4 14. b4 axb3 15. axb3
Qh4 16. b4 Qxe4 17. g4 Bxb5 18. Bd3 Qxd3 19. Qxd3 e4 20. Qe2 Bd7 21. Rab1 f5
22. f3 f4 23. Bc1 e3 24. Bb2 Nf6 25. h4 Be8 26. Ra1 Bd7 27. Bc3 Rae8 28. Bxf6
Bxf6 29. Rab1 h5 30. g5 Be5 31. Rb3 Nb8 32. Rc1 c6 33. Kg2 Bc8 34. b5 c5 35.
Rc2 Nd7 36. Ra2 Bd4 37. Nf1 Ne5 38. Ra8 Bh3+ 39. Kxh3 Rxa8 40. Nh2 Ra4 41. Qc2
Rfa8 42. Ng4 hxg4+ 43. fxg4 f3 44. h5 e2 45. Qf5 0-1

[Event "Open Inverno"]
[Site "Ceriano Laghetto ITA"]
[Date "2007.01.09"]
[Round "1"]
[White "Parenti, Davide"]
[Black "Santarelli, Sabatino"]
[Result "1-0"]
[WhiteElo "1901"]
[BlackElo "1548"]
[PlyCount "141"]
[EventDate "2007.01.09"]

1. d4 d5 2. c4 Nf6 3. Nc3 Bf5 4. Nf3 dxc4 5. g3 e6 6. Bg2 c6 7. Ne5 Nbd7 8.
Nxc4 Be7 9. O-O O-O 10. e4 Bg6 11. a4 h6 12. Bf4 Nb6 13. Ne5 Bh7 14. a5 Nbd7
15. Nc4 Ne8 16. h4 Ndf6 17. Re1 Rc8 18. Bh3 Nc7 19. Bg2 Kh8 20. Ne5 Nb5 21.
Nxb5 cxb5 22. Qd2 Nd7 23. Rac1 Nxe5 24. Rxc8 Qxc8 25. Bxe5 Qd7 26. Rc1 Rc8 27.
Rxc8+ Qxc8 28. d5 exd5 29. exd5 f6 30. d6 Bd8 31. Bc3 Bf5 32. Qd5 Qd7 33. Bb4
Be6 34. Qd4 a6 35. Qe4 Qc8 36. Bc3 b6 37. axb6 Bxb6 38. Qf4 Qd7 39. b4 Ba7 40.
Bd4 Bb8 41. Bc5 Kg8 42. Be4 Kh8 43. Bf3 Qf7 44. Qe4 Qd7 45. Qa8 Qd8 46. Qxa6
Bd7 47. Qa8 Qf8 48. Qb7 Qc8 49. Qxc8+ Bxc8 50. Bc6 Ba6 51. d7 Bc7 52. Be7 Kg8
53. Bd5+ Kh7 54. d8=Q Bxd8 55. Bxd8 Kg6 56. Bb6 Kf5 57. Kf1 Ke5 58. Bf3 Bc8 59.
Ke2 Be6 60. Ke3 Bc4 61. Bc7+ Kf5 62. Kd4 g5 63. hxg5 hxg5 64. g4+ Kg6 65. Be4+
Kf7 66. Bd5+ Ke7 67. Bxc4 bxc4 68. Kxc4 Ke6 69. Kc5 f5 70. gxf5+ Kxf5 71. b5
1-0

[Event "Open Inverno"]
[Site "Ceriano Laghetto ITA"]
[Date "2007.01.09"]
[Round "1"]
[White "Regorda, Massimiliano"]
[Black "Bertuolo, Sergio"]
[Result "1-0"]
[WhiteElo "1869"]
[BlackElo "1514"]
[PlyCount "59"]
[EventDate "2007.01.09"]

1. e4 e6 2. d4 d5 3. Nd2 Nf6 4. e5 Nfd7 5. Bd3 c5 6. c3 Nc6 7. Ne2 cxd4 8. cxd4
Qb6 9. Nf3 f6 10. exf6 Nxf6 11. O-O Bd7 12. Re1 Bd6 13. Bf4 Bxf4 14. Nxf4 O-O
15. Nxe6 Rfe8 16. Nc5 Bg4 17. Qb3 Qxb3 18. Nxb3 Bxf3 19. gxf3 a6 20. a3 Rab8
21. Re3 Rxe3 22. fxe3 Nd7 23. e4 dxe4 24. fxe4 b5 25. Rc1 Rb6 26. e5 Nf8 27.
Be4 Nd8 28. d5 Nd7 29. e6 Nf6 30. Rc8 1-0

[Event "Open Inverno"]
[Site "Ceriano Laghetto ITA"]
[Date "2007.01.16"]
[Round "2"]
[White "Bertuolo, Sergio"]
[Black "Carugati, Virginio"]
[Result "1-0"]
[WhiteElo "1514"]
[BlackElo "1438"]
[PlyCount "27"]
[EventDate "2007.01.09"]

1. e4 e6 2. d4 d5 3. e5 c5 4. c3 Nc6 5. Nf3 Qb6 6. Bd3 Nge7 7. Na3 a6 8. Nc2
Nf5 9. O-O cxd4 10. cxd4 Be7 11. b3 Nfxd4 12. Nfxd4 Nxd4 13. Nxd4 Qxd4 14. Bb5+
1-0

[Event "Open Inverno"]
[Site "Ceriano Laghetto ITA"]
[Date "2007.01.16"]
[Round "2"]
[White "Cervini, Gian Piero"]
[Black "Parenti, Davide"]
[Result "0-1"]
[WhiteElo "1792"]
[BlackElo "1901"]
[PlyCount "66"]
[EventDate "2007.01.09"]

1. e4 d5 2. exd5 Nf6 3. d4 Nxd5 4. c4 Nb6 5. Nf3 Bg4 6. c5 Bxf3 7. Qxf3 Nd5 8.
Bc4 e6 9. Nc3 c6 10. O-O Be7 11. a3 Nd7 12. b4 Nxc3 13. Qxc3 O-O 14. f4 Bf6 15.
Bb2 Qc7 16. Qh3 Rfd8 17. Rae1 b6 18. f5 e5 19. d5 bxc5 20. dxc6 Qxc6 21. Qb3
cxb4 22. Bxf7+ Kh8 23. Rf3 Qb6+ 24. Kh1 Nc5 25. Qe3 Nd3 26. Rh3 Nf2+ 27. Kg1
Nxh3+ 28. gxh3 Qxe3+ 29. Rxe3 Rd1+ 30. Kf2 Rd2+ 31. Re2 Rxe2+ 32. Kxe2 Rc8 33.
Bb3 bxa3 0-1

[Event "Open Inverno"]
[Site "Ceriano Laghetto ITA"]
[Date "2007.01.16"]
[Round "2"]
[White "Dei Giudici, Paolo"]
[Black "Regorda, Massimiliano"]
[Result "0-1"]
[WhiteElo "1685"]
[BlackElo "1869"]
[PlyCount "36"]
[EventDate "2007.01.09"]

1. d4 d5 2. c4 e6 3. Nc3 c5 4. e3 Nf6 5. Nf3 Nc6 6. b3 cxd4 7. Nxd4 Bb4 8. Nxc6
Bxc3+ 9. Ke2 bxc6 10. Rb1 O-O 11. f3 dxc4 12. Qc2 Qd3+ 13. Qxd3 cxd3+ 14. Kxd3
Ba5 15. Kc2 Rd8 16. Bd3 Bb7 17. Bb2 Nd5 18. Kc1 Nxe3 0-1

[Event "Open Inverno"]
[Site "Ceriano Laghetto ITA"]
[Date "2007.01.16"]
[Round "2"]
[White "Iula, Massimo"]
[Black "Nastasi, Ivano"]
[Result "0-1"]
[WhiteElo "1410"]
[BlackElo "1518"]
[PlyCount "80"]
[EventDate "2007.01.09"]

1. e4 e5 2. Nf3 Nf6 3. Nxe5 d6 4. Nf3 Nxe4 5. d4 d5 6. c4 c6 7. Nfd2 Nxd2 8.
Qxd2 Qe7+ 9. Be2 Bg4 10. Nc3 Bxe2 11. Nxe2 dxc4 12. O-O Na6 13. a3 O-O-O 14.
Re1 Qd6 15. Qc3 Qd5 16. Rb1 Bd6 17. Nf4 Qb5 18. b4 Nc7 19. Bd2 Bxf4 20. Bxf4
Nd5 21. Qh3+ Rd7 22. Bd6 Kd8 23. Re5 Rxd6 24. Qf5 Rf6 25. Qg5 Rg8 26. Rbe1 h6
27. Qg3 Rf4 28. Rf5 Re8 29. Rxe8+ Kxe8 30. Re5+ Kf8 31. Qh3 Kg8 32. Re8+ Kh7
33. Qd3+ cxd3 34. Re1 Qa4 35. h3 d2 36. Rd1 Qxd1+ 37. Kh2 Qe2 38. Kg3 Qxf2+ 39.
Kh2 Ne3 40. b5 Qxg2# 0-1

[Event "Open Inverno"]
[Site "Ceriano Laghetto ITA"]
[Date "2007.01.16"]
[Round "2"]
[White "Jiang, Yongwei"]
[Black "Mingolla, Patrizio"]
[Result "1-0"]
[WhiteElo "1575"]
[BlackElo "1461"]
[PlyCount "171"]
[EventDate "2007.01.09"]

1. e4 c5 2. Nf3 Nc6 3. d4 cxd4 4. Nxd4 a6 5. Nc3 e5 6. Nf3 d6 7. Nd5 Be7 8. Be2
Nf6 9. Bd3 Bg4 10. h3 Be6 11. c4 Bxd5 12. cxd5 Nb8 13. O-O O-O 14. b3 Nbd7 15.
Bb2 Nc5 16. Qe2 Rc8 17. b4 Nxd3 18. Qxd3 Qd7 19. Nd2 b5 20. Rfc1 Nh5 21. Rxc8
Rxc8 22. Rc1 Nf4 23. Rxc8+ Qxc8 24. Qb1 Bg5 25. Nf3 Ne2+ 26. Kh2 Bc1 27. Bxc1
Qxc1 28. Qxc1 Nxc1 29. a3 Nb3 30. Kg1 Kf8 31. Kf1 Nc1 32. g3 Nd3 33. Ke2 Nb2
34. Nd2 Na4 35. Kd3 Ke7 36. f4 f6 37. f5 Kd7 38. Kc2 Kc7 39. g4 Kd7 40. h4 Kc7
41. Nf3 Nb6 42. Nd2 Kd7 43. g5 fxg5 44. hxg5 h5 45. Kd3 Nc4 46. Nb1 h4 47. Ke2
Nb2 48. Kf3 Nd3 49. Kg2 h3+ 50. Kg3 h2 51. Kxh2 Nf2 52. Nc3 Ng4+ 53. Kg3 Ne3
54. Kh4 Ke7 55. Kg3 Nc4 56. Nb1 Nb6 57. Kf3 Kf7 58. Ke3 Ke7 59. Kd3 Nc4 60. Nd2
Nb6 61. Kc3 Kf7 62. Kb3 Na4 63. Nc4 Ke7 64. Na5 Nb6 65. Nc6+ Kd7 66. g6 Nc4 67.
Kc3 Ke8 68. a4 Ne3 69. axb5 axb5 70. Na7 Ng4 71. Nxb5 Kd7 72. Kc4 Nf6 73. Nc3
Kc7 74. Kb5 Kb7 75. Ka5 Nd7 76. Nb5 Kb8 77. Nxd6 Kc7 78. Ne8+ Kb7 79. f6 gxf6
80. g7 f5 81. exf5 e4 82. g8=Q Ne5 83. Qg7+ Ka8 84. Nc7+ Kb7 85. Nb5+ Kb8 86.
Qc7+ 1-0

[Event "Open Inverno"]
[Site "Ceriano Laghetto ITA"]
[Date "2007.01.16"]
[Round "2"]
[White "Lapiccirella, Mattia"]
[Black "Pino, Nicola"]
[Result "1-0"]
[WhiteElo "2237"]
[BlackElo "1832"]
[PlyCount "103"]
[EventDate "2007.01.09"]

1. c4 c6 2. Nc3 Nf6 3. Nf3 d5 4. e3 Bf5 5. cxd5 Nxd5 6. d4 e6 7. Bc4 Bb4 8. Bd2
Bd6 9. Qe2 Nxc3 10. Bxc3 Be4 11. O-O Qc7 12. Nd2 Bxh2+ 13. Kh1 Bg6 14. f4 Bxf4
15. Rxf4 Nd7 16. Raf1 Nf6 17. Rh4 O-O-O 18. e4 Qe7 19. a3 h5 20. g3 Qc7 21. e5
Nd5 22. Ne4 Bxe4+ 23. Rxe4 Rhf8 24. Bxd5 exd5 25. Ref4 f6 26. exf6 Rxf6 27.
Rxf6 gxf6 28. Qe6+ Qd7 29. Rxf6 Qxe6 30. Rxe6 Rg8 31. Be1 Rg5 32. Re7 Rf5 33.
Kg2 Kb8 34. Bd2 a6 35. Bf4+ Ka7 36. Re5 Rf8 37. Rxh5 Re8 38. Kf3 Re1 39. Rh2
Rd1 40. Be5 Re1 41. g4 c5 42. Bg3 Rf1+ 43. Rf2 Rc1 44. dxc5 Rxc5 45. Rd2 Rb5
46. Bf2+ Kb8 47. Bd4 Kc8 48. g5 Kd7 49. Re2 Rb3+ 50. Re3 Rxe3+ 51. Kxe3 Ke6 52.
g6 1-0

[Event "Open Inverno"]
[Site "Ceriano Laghetto ITA"]
[Date "2007.01.16"]
[Round "2"]
[White "Nepi, Ezio"]
[Black "Lapiccirella, Daniele"]
[Result "0-1"]
[WhiteElo "1850"]
[BlackElo "2153"]
[PlyCount "74"]
[EventDate "2007.01.09"]

1. Nf3 d5 2. d4 Nf6 3. c4 c6 4. Nc3 e6 5. e3 Nbd7 6. Bd3 dxc4 7. Bxc4 b5 8. Bd3
Bd6 9. O-O O-O 10. Qc2 Bb7 11. e4 e5 12. dxe5 Nxe5 13. Nxe5 Bxe5 14. Kh1 Ng4
15. g3 Bd4 16. Kg2 a6 17. Be2 Nf6 18. Bf3 c5 19. Bg5 h6 20. Bxf6 Qxf6 21. Nd5
Bxd5 22. exd5 Bxb2 23. Rad1 Bd4 24. Rfe1 Rab8 25. Qe4 a5 26. Qe7 Rb6 27. Qa7 a4
28. Re7 b4 29. Rde1 b3 30. Re8 g6 31. Rxf8+ Kxf8 32. Qa8+ Kg7 33. Re8 bxa2 34.
Rg8+ Kh7 35. Be4 Qxf2+ 36. Kh3 Qf1+ 37. Kg4 h5+ 0-1

[Event "Open Inverno"]
[Site "Ceriano Laghetto ITA"]
[Date "2007.01.16"]
[Round "2"]
[White "Regorda, Vittorio"]
[Black "Milan, Raffaele"]
[Result "1-0"]
[WhiteElo "1891"]
[BlackElo "1592"]
[PlyCount "85"]
[EventDate "2007.01.09"]

1. e4 c5 2. Nf3 d6 3. d4 cxd4 4. Nxd4 Nf6 5. Nc3 a6 6. a4 b6 7. Be3 e5 8. Nb3
Nbd7 9. Be2 Be7 10. O-O O-O 11. f4 Nc5 12. Bf3 Nxb3 13. cxb3 Bb7 14. g4 exf4
15. Bxf4 d5 16. e5 Bc5+ 17. Kh1 Nxg4 18. Bxg4 d4+ 19. Bf3 Bxf3+ 20. Qxf3 dxc3
21. Rad1 Qc8 22. bxc3 Ra7 23. b4 Be7 24. Rg1 Rd8 25. Rdf1 Qb7 26. Bh6 Qxf3+ 27.
Rxf3 g6 28. Rgf1 Bf8 29. Bxf8 Rxf8 30. Rf6 b5 31. a5 Re7 32. Re1 Re6 33. Kg2
Kg7 34. Rf3 Rfe8 35. Rfe3 f6 36. exf6+ Kxf6 37. Rf3+ Kg7 38. Rxe6 Rxe6 39. Kf2
Rf6 40. Rxf6 Kxf6 41. c4 bxc4 42. b5 c3 43. Ke3 1-0

[Event "Open Inverno"]
[Site "Ceriano Laghetto ITA"]
[Date "2007.01.16"]
[Round "2"]
[White "Salmoiraghi, Angelo"]
[Black "Viale, Fabio"]
[Result "1-0"]
[WhiteElo "2047"]
[BlackElo "1703"]
[PlyCount "111"]
[EventDate "2007.01.09"]

1. Nf3 Nf6 2. g3 g6 3. Bg2 c6 4. c4 Bg7 5. O-O d6 6. d4 Nbd7 7. Nc3 Qc7 8. e4
O-O 9. h3 e5 10. Be3 a6 11. Rc1 Re8 12. dxe5 dxe5 13. Qe2 b6 14. b4 Bb7 15.
Rfd1 Rad8 16. Qc2 Kh8 17. Ng5 Kg8 18. c5 b5 19. a4 Nf8 20. axb5 axb5 21. Rxd8
Rxd8 22. Rd1 h6 23. Nf3 Ne6 24. Rxd8+ Nxd8 25. Qd2 Kh7 26. Bf1 Ne6 27. Qd3 Ne8
28. Nd2 Qd8 29. Qxd8 Nxd8 30. Nb3 h5 31. Na5 Nc7 32. Nxb7 Nxb7 33. Bd3 Bh6 34.
f4 f6 35. h4 Kg7 36. Kf2 Kf7 37. Bc2 Ke7 38. Kf3 exf4 39. gxf4 Bg7 40. f5 gxf5
41. exf5 Bf8 42. Ke4 Ne8 43. Bd1 Ng7 44. Be2 Nd8 45. Bf4 Nf7 46. Nxb5 cxb5 47.
Bxb5 Kd8 48. Bc4 Nh8 49. c6 Ne8 50. Bd3 Bd6 51. Bd2 Kc7 52. b5 Kb6 53. Kd5 Bc5
54. Ba5+ Kxa5 55. Kxc5 Nc7 56. b6 1-0

[Event "Open Inverno"]
[Site "Ceriano Laghetto ITA"]
[Date "2007.01.23"]
[Round "3"]
[White "Bertuolo, Sergio"]
[Black "Jiang, Yongwei"]
[Result "1/2-1/2"]
[WhiteElo "1514"]
[BlackElo "1575"]
[PlyCount "86"]
[EventDate "2007.01.09"]

1. e4 e5 2. Nf3 Nf6 3. Nxe5 d6 4. Nf3 Nxe4 5. Qe2 Qe7 6. d3 Nf6 7. Qxe7+ Bxe7
8. Nc3 c6 9. Be2 Bf5 10. O-O O-O 11. Re1 Nbd7 12. Nd4 Bg6 13. a4 d5 14. Nd1 Bc5
15. c3 Bxd4 16. cxd4 Rfe8 17. Ne3 Re7 18. Bd2 Rae8 19. Bb4 Re6 20. Kf1 h6 21.
a5 Bh7 22. Ra3 g5 23. Bg4 Nxg4 24. Nxg4 Rxe1+ 25. Bxe1 h5 26. Ne3 f5 27. g3 Kf7
28. Ng2 g4 29. Rb3 b6 30. Nf4 Bg6 31. Rc3 Nb8 32. b4 b5 33. Rc1 Kf6 34. Bd2 Bf7
35. Ng2 Rc8 36. Re1 Re8 37. Rc1 Rc8 38. Re1 a6 39. Bf4 Nd7 40. Be5+ Kg5 41. Bd6
Re8 42. Bf4+ Kf6 43. Rc1 Rc8 1/2-1/2

[Event "Open Inverno"]
[Site "Ceriano Laghetto ITA"]
[Date "2007.01.23"]
[Round "3"]
[White "Carugati, Virginio"]
[Black "Mingolla, Patrizio"]
[Result "0-1"]
[WhiteElo "1438"]
[BlackElo "1461"]
[PlyCount "82"]
[EventDate "2007.01.09"]

1. Nf3 d5 2. g3 e6 3. Bg2 Bd6 4. O-O c5 5. d3 Nc6 6. Nbd2 Nf6 7. Re1 b5 8. e4
e5 9. exd5 Nxd5 10. Ne4 O-O 11. Nxd6 Qxd6 12. Ng5 Bb7 13. Ne4 Qe7 14. Bg5 f6
15. Bd2 Nd4 16. c3 Ne6 17. c4 bxc4 18. dxc4 Nb6 19. Qc1 Bxe4 20. Bxe4 Rad8 21.
Ba5 Rd4 22. Qc2 Ng5 23. Bxb6 axb6 24. Bd5+ Kh8 25. h4 Ne6 26. Qf5 Nc7 27. Be4
g6 28. Qh3 Rxc4 29. h5 f5 30. Bg2 g5 31. Rad1 Rd4 32. b3 Qf6 33. Rc1 g4 34. Qh1
e4 35. h6 Qg5 36. Bf1 Rf6 37. Rc4 Rxh6 38. Qg2 Ne6 39. Rec1 Rxc4 40. Rxc4 Nd4
41. Rxd4 cxd4 0-1

[Event "Open Inverno"]
[Site "Ceriano Laghetto ITA"]
[Date "2007.01.23"]
[Round "3"]
[White "Dei Giudici, Paolo"]
[Black "Megassini, Stefano"]
[Result "1-0"]
[WhiteElo "1685"]
[BlackElo "1554"]
[PlyCount "69"]
[EventDate "2007.01.09"]

1. e4 c5 2. Nf3 e6 3. d4 cxd4 4. Nxd4 Be7 5. Be2 d6 6. Nc3 Nf6 7. Be3 O-O 8.
Qd2 a6 9. f4 b5 10. Bf3 Bb7 11. e5 Nd5 12. Nxd5 Bxd5 13. Bxd5 exd5 14. e6 Bf6
15. exf7+ Rxf7 16. O-O-O Nd7 17. Ne6 Qe7 18. Nc7 Rc8 19. Nxd5 Qe6 20. Nxf6+
Nxf6 21. Kb1 Rfc7 22. Rc1 b4 23. Rhe1 Ne4 24. Qxb4 d5 25. h3 Qc6 26. Bd4 Rb7
27. Qa3 Nd2+ 28. Ka1 Nc4 29. Qg3 Nxb2 30. Bxb2 Rxb2 31. Kxb2 Qb6+ 32. Qb3 Qd4+
33. c3 Qf2+ 34. Qc2 Qb6+ 35. Ka1 1-0

[Event "Open Inverno"]
[Site "Ceriano Laghetto ITA"]
[Date "2007.01.23"]
[Round "3"]
[White "Lapiccirella, Daniele"]
[Black "Salmoiraghi, Angelo"]
[Result "1/2-1/2"]
[WhiteElo "2153"]
[BlackElo "2047"]
[PlyCount "36"]
[EventDate "2007.01.09"]

1. d4 g6 2. c4 Bg7 3. e4 d6 4. Nc3 Nf6 5. f3 b6 6. Be3 c5 7. Nge2 Nbd7 8. d5 a6
9. Ng3 h5 10. Be2 h4 11. Nf1 h3 12. g3 Ne5 13. Nd2 Bd7 14. a4 Rb8 15. Bg5 Nh7
16. Be3 Nf6 17. Bg5 Nh7 18. Be3 Nf6 1/2-1/2

[Event "Open Inverno"]
[Site "Ceriano Laghetto ITA"]
[Date "2007.01.23"]
[Round "3"]
[White "Milan, Raffaele"]
[Black "Nepi, Ezio"]
[Result "1-0"]
[WhiteElo "1592"]
[BlackElo "1850"]
[PlyCount "61"]
[EventDate "2007.01.09"]

1. e4 e6 2. d3 d5 3. Nd2 c5 4. g3 Nc6 5. Bg2 d4 6. Ngf3 Bd6 7. Nc4 e5 8. O-O
Nge7 9. Nh4 b5 10. Nxd6+ Qxd6 11. f4 Bb7 12. Qg4 g6 13. f5 Bc8 14. Qe2 Bd7 15.
g4 O-O-O 16. Nf3 f6 17. Nd2 g5 18. a4 b4 19. Nc4 Qc7 20. a5 h5 21. gxh5 Rh6 22.
Bh3 Rdh8 23. Bg4 Be8 24. Bxg5 fxg5 25. f6+ Bd7 26. fxe7 Bxg4 27. Rf8+ Nd8 28.
exd8=Q+ Qxd8 29. Qxg4+ Kc7 30. Rxd8 Kxd8 31. Qxg5+ 1-0

[Event "Open Inverno"]
[Site "Ceriano Laghetto ITA"]
[Date "2007.01.23"]
[Round "3"]
[White "Nastasi, Ivano"]
[Black "Santarelli, Sabatino"]
[Result "1-0"]
[WhiteElo "1518"]
[BlackElo "1548"]
[PlyCount "73"]
[EventDate "2007.01.09"]

1. d4 Nf6 2. c4 d5 3. cxd5 Nxd5 4. Nc3 Nc6 5. e4 Nxc3 6. bxc3 e6 7. Be2 Be7 8.
Nf3 O-O 9. O-O Nb8 10. Qc2 Nd7 11. a4 a5 12. c4 Re8 13. Bf4 Nf8 14. Rfd1 Bd7
15. Ne5 Ng6 16. Nxg6 hxg6 17. Rab1 Qc8 18. c5 Rd8 19. Qb3 Rb8 20. Bb5 Re8 21.
Qc3 Ra8 22. Rd3 c6 23. Bc4 Bd8 24. e5 Rb8 25. Rh3 b5 26. cxb6 Rxb6 27. Rxb6
Bxb6 28. Qd2 Bd8 29. Bh6 f5 30. Bxg7 Kf7 31. Rh7 Rg8 32. Bf6+ Ke8 33. Qg5 Qb8
34. Be7 c5 35. Qf6 Qb1+ 36. Bf1 Bxa4 37. Bxd8 1-0